| 000 | 00603nam a2200217 u 4500 | ||
|---|---|---|---|
| 005 | 20240228063731.0 | ||
| 008 | 180418s2010 ea r 000 0 spa d | ||
| 020 | _a0153483288 | ||
| 035 | _aUPN01000224209 | ||
| 049 | _aI | ||
| 050 | 4 |
_aQP37 _bL8.2 |
|
| 100 | 1 |
_aLuster, Sharon M. _932968 |
|
| 245 | 1 | 1 |
_a¡A crecer! / _cSharon M. Luster. |
| 260 |
_aOrlando, E.U.A. : _bHarcourt, _c[2010?]. |
||
| 300 |
_a8 p. : _bil. col. |
||
| 650 | 4 |
_aCuerpo humano _vLiteratura infantil _912325 |
|
| 650 | 4 |
_aBIOLOGIA HUMANA _94938 |
|
| 650 | 4 |
_aCRECIMIENTO _911406 |
|
| 905 | _aInfantil | ||
| 999 |
_c196306 _d196306 |
||